Normal view
MARC view
- أتاليف أونيل، و.م ، عبد الحميد،شاكر/ترجمة، العاني، عاهد حسني/مراجعة
Entry Personal Name
001 - CONTROL NUMBER
- control field: 40211
003 - CONTROL NUMBER IDENTIFIER
- control field: JO-AjAnu
005 - DATE AND TIME OF LATEST TRANSACTION
- control field: 20230606080700.0
008 - FIXED-LENGTH DATA ELEMENTS
- fixed length control field: 230606|| aca||aabn | a|a d
040 ## - CATALOGING SOURCE
- Original cataloging agency: JO-AjAnu
- Transcribing agency: JO-AjAnu
100 ## - HEADING--PERSONAL NAME
- Personal name: أتاليف أونيل، و.م ، عبد الحميد،شاكر/ترجمة، العاني، عاهد حسني/مراجعة
670 ## - SOURCE DATA FOUND
- Source citation: Work cat.: (JO-AjAnu)20613: أتاليف أونيل، و.م ، عبد الحميد،شاكر/ترجمة، العاني، عاهد حسني/مراجعة, author, بدايات علم النفس الحديث